000 00334nam a2200121Ia 4500
008 230907s9999||||xx |||||||||||||| ||und||
082 _a621.3815
_bPEA
100 _aPease, Robert A.
_958509
245 0 _aTroubleshooting analog circuits /
260 _aButterworth-Heinemann,
_bBoston :
_c1993
300 _axii, 217 p. :
942 _cBK
999 _c598597
_d598597